Oliver's story / (Registro nro. 12965)

Detalles MARC
000 -LIDER
fixed length control field 00715nam a22002297a 4500
003 - IDENTIFICACDOR DE NÚMERO DE CONTROL
control field DO-SdBNP
005 - DATE AND TIME OF LATEST TRANSACTION
control field 20230505123313.0
008 - ELEMENTOS DE LONGITUD FIJA
fixed length control field 171120b1978 sp | 00| 0 spa d
020 ## - ISBN
International Standard Book Number 8474540275
040 ## - FUENTE DE CATALOGACIÓN
Agencia que crea de manera original el registro BPMSU
Idioma de catalogación spa
Agencia que realiza la transcripción BPMSU
082 #4 - NÚMERO DE CLASIFICACIÓN DECIMAL DE DEWEY
Classification number 813.5
Item number SE454O 1978
Edition number 22
100 1# - ASIENTO PRINCIPAL -- NOMBRE PERSONAL
Nombre personal Segal, Erich
Fechas asociadas con el nombre 1937-2010
245 10 - MENCIÓN DE TITULO
Título Oliver's story /
Mención de responsabilidad Erich Segal ; traducción de José Luis López Muñoz.
260 ## - PUBLICACIÓN, DISTRIBUCIÓN, ETC. (PIE DE IMPRENTA)
Lugar de publicación, distribución, etc Barcelona :
Nombre del editor, distribuidor, etc. Mundo Actual,
Fecha de publicación, distribución, etc 1978.
300 ## - DESCRIPCIÓN FÍSICA
Extensión 301 p. ;
Dimensiones 21 cm.
490 0# - MENCIÓN DE SERIES
Mención de serie Grandes Novelistas
590 ## - NOTA LOCAL
Enlace Inventariado, 2023/VM
650 #4 - ENCABEZAMIENTO DE MATERIA--TEMÁTICO
Término temático o nombre geográfico como elemento de entrada Novela estadounidense.
700 1# - ASIENTO SECUNDARIO -- NOMBRE PERSONAL
Nombre personal López Muñoz, José Luis,
Mención de responsabilidad tr.
910 ## - VALIDACIÓN
Validación LOPEREZ/ VMateo V. Control de calidad (BPMSU)
942 ## - ADDED ENTRY ELEMENTS (KOHA)
Source of classification or shelving scheme Dewey Decimal Classification
Koha item type Libros
Existencias
Withdrawn status Lost status Source of classification or shelving scheme Damaged status Not for loan Collection code Home library Current library Date acquired Source of acquisition Full call number Barcode Date last seen Price effective from Koha item type
    Dewey Decimal Classification     Colección General Biblioteca Pública Metropolitana Salomé Ureña Biblioteca Pública Metropolitana Salomé Ureña 11/20/2017 Donación BPMSU CG 813.5 S454O 1978 BPMSU17110275 11/20/2017 11/20/2017 Libros